| 000 | 01027nam a2200241 a 4500 | ||
|---|---|---|---|
| 001 | 000015871 | ||
| 005 | 20250502073819.0 | ||
| 008 | 100222s1997 dr a 000 0 spa d | ||
| 040 |
_aDO-SdBNP _bspa _cBNPHU |
||
| 082 |
_a342.7293029 _bA485c |
||
| 100 | 1 |
_aAmaro Guzmán, Raymundo _9656 |
|
| 245 | 1 | 3 |
_aLa constituyente en la evolución constitucional dominicana : _bexperiencias latinoamericanas / _cRaymundo Amaro Guzmán. |
| 260 |
_aSanto Domingo : _bONAP, _c1997. |
||
| 300 |
_a89 p. : _bil. ; _c21 cm. |
||
| 590 | _aInventariado, 2018/ YL | ||
| 504 | _aIncluye referencias bibliográficas y notas al pie de las páginas. | ||
| 651 | 4 |
_aRepública Dominicana _xConstitución _91008 |
|
| 651 | 4 |
_aAmérica Latina _xConstitución _935746 |
|
| 651 | 4 |
_aRepública Dominicana _xReformas Constitucionales _xHistoria _91617 |
|
| 651 | 4 |
_aRepública Dominicana _xHistoria Constitucional _96486 |
|
| 710 | 1 |
_aRepública Dominicana. _bOficina Nacional de Administración y Personal _926398 |
|
| 910 | _aValidado. Control de calidad EMS | ||
| 999 |
_c15413 _d15413 |
||